<?xml version="1.0" encoding="UTF-8"?>
<record
    xmlns:xsi="http://www.w3.org/2001/XMLSchema-instance"
    xsi:schemaLocation="http://www.loc.gov/MARC21/slim http://www.loc.gov/standards/marcxml/schema/MARC21slim.xsd"
    xmlns="http://www.loc.gov/MARC21/slim">

  <leader>00984nam a2200241Ia 4500</leader>
  <controlfield tag="003">IN-BaIIA</controlfield>
  <controlfield tag="008">211028s9999    xx            000 0 eng d</controlfield>
  <datafield tag="020" ind1=" " ind2=" ">
    <subfield code="a">1-4020-3436-9</subfield>
  </datafield>
  <datafield tag="040" ind1=" " ind2=" ">
    <subfield code="c">IIA Library</subfield>
  </datafield>
  <datafield tag="080" ind1=" " ind2=" ">
    <subfield code="a">520.22</subfield>
    <subfield code="b">OPT</subfield>
  </datafield>
  <datafield tag="111" ind1=" " ind2=" ">
    <subfield code="a">NATO Advanced Study Institute Conference</subfield>
    <subfield code="c">France</subfield>
    <subfield code="d">2002 Sept. 16-28</subfield>
    <subfield code="9">30003</subfield>
  </datafield>
  <datafield tag="245" ind1=" " ind2="0">
    <subfield code="a">Optics in astrophysics</subfield>
    <subfield code="b">proceedings of the NATO advanced study Institute conference on optics in astrophysics held in Cargese, France, 16-28 Sept 2002</subfield>
    <subfield code="c">edited by Renaud Foy and Francoise-Claude Foy                                               </subfield>
  </datafield>
  <datafield tag="260" ind1=" " ind2=" ">
    <subfield code="a">Dordrecht</subfield>
    <subfield code="b">Springer</subfield>
    <subfield code="c">2005</subfield>
  </datafield>
  <datafield tag="300" ind1=" " ind2=" ">
    <subfield code="a">xvi, 422p.</subfield>
  </datafield>
  <datafield tag="490" ind1=" " ind2=" ">
    <subfield code="a">NATO science series: II. Mathematics, physics and chemistry; v. 198</subfield>
  </datafield>
  <datafield tag="650" ind1=" " ind2=" ">
    <subfield code="a">Astronomy</subfield>
    <subfield code="9">80</subfield>
  </datafield>
  <datafield tag="650" ind1=" " ind2=" ">
    <subfield code="a">Astrophysics</subfield>
    <subfield code="9">794</subfield>
  </datafield>
  <datafield tag="650" ind1=" " ind2=" ">
    <subfield code="a">Optical telescopes</subfield>
    <subfield code="9">3706</subfield>
  </datafield>
  <datafield tag="700" ind1=" " ind2=" ">
    <subfield code="a">Foy, Francoise-Claude ed.</subfield>
    <subfield code="9">30004</subfield>
  </datafield>
  <datafield tag="700" ind1=" " ind2=" ">
    <subfield code="a">Foy, Renaud, ed.</subfield>
    <subfield code="9">30005</subfield>
  </datafield>
  <datafield tag="710" ind1=" " ind2=" ">
    <subfield code="a">NATO advanced study Institute</subfield>
    <subfield code="9">5368</subfield>
  </datafield>
  <datafield tag="942" ind1=" " ind2=" ">
    <subfield code="c">BK</subfield>
  </datafield>
  <datafield tag="999" ind1=" " ind2=" ">
    <subfield code="c">16220</subfield>
    <subfield code="d">16220</subfield>
  </datafield>
  <datafield tag="952" ind1=" " ind2=" ">
    <subfield code="0">0</subfield>
    <subfield code="1">0</subfield>
    <subfield code="4">0</subfield>
    <subfield code="7">0</subfield>
    <subfield code="a">BAN</subfield>
    <subfield code="b">BAN</subfield>
    <subfield code="c">GEN</subfield>
    <subfield code="d">2006-09-15</subfield>
    <subfield code="e">ANJ   </subfield>
    <subfield code="g">4127.60</subfield>
    <subfield code="l">2</subfield>
    <subfield code="m">1</subfield>
    <subfield code="o">520.22/ OPT</subfield>
    <subfield code="p">17142</subfield>
    <subfield code="r">2025-04-04</subfield>
    <subfield code="s">2024-11-18</subfield>
    <subfield code="v">4127.60</subfield>
    <subfield code="w">2006-09-15</subfield>
    <subfield code="y">BK</subfield>
    <subfield code="G">Rs. 4127.60  </subfield>
  </datafield>
</record>
